00525nam a2200145Ia 4500008004100000020001800041100001900059245005300078260003900131440002500170650002600195856004500221999001900266952009400285171212s9999 xx 000 0 und d a9780874216165 aBrent, Frances cBrent, FrancesaBeautiful Lesson of the Ibpoems bUniversity Press of Coloradoc2005 aSwenson Poetry Award aLanguage & Literature uwww.jstor.org/stable/10.2307/j.ctt4cgn6p c353034d353034 001040aCLbCLd2017-12-12l0oPS3602.R457B43 2005r2017-12-12 00:00:00w2017-12-12yCBE